00315nam a22000977a 4500008004100000082001700041110000800058245011500066260002700181300000900208230609b xxu||||| |||| 00| 0 eng d a354.676bGOK bGOK a2015/2016 Programme Based Budget of the National Govt of Kenya for the year ending 30th June, 2016bApril 2015 aKenyabGOKcApril 2015 a637p